| 000 | 00532nam a2200193Ia 4500 | ||
|---|---|---|---|
| 003 | GCL | ||
| 008 | 140319s9999 xx 000 0 eng d | ||
| 040 |
_aGCL / _cGCL |
||
| 082 | 0 | 4 |
_a658.2 _bB A |
| 100 | 1 | _aDOYLE,M.ELLIN | |
| 245 | 1 | 0 |
_aTHE AMERICAN KEIRETSU, A STRATEGIC WEAPON FOR GLOBAL COMPETITIVENESS / _cDOYLE,M.ELLIN |
| 700 | 1 | _aBURT, DAVIDN | |
| 260 |
_a[S.N] : _bBUSNESS ONE INWIN ، _c1993 |
||
| 300 | _a250 P | ||
| 650 | 0 | 4 | _aMANAGEMENT |
| 650 | 0 | 4 | _aSTRATEGY |
| 650 | 0 | 4 | _aINDUSTRIAL PROCUREMENT |
| 942 |
_2ddc _cBK |
||
| 999 |
_c19183 _d19183 |
||